| 000 | 03237nam0a2200421 4500 | ||
|---|---|---|---|
| 001 | RU\NLR\BIBL_A\022614812 | ||
| 005 | 20251215141915.0 | ||
| 010 |
_a978-5-9929-1774-1 _9500 |
||
| 021 |
_aRU _bКН-П-25-041288 _9КН-П-25-4020 |
||
| 035 | _a(NLR Aleph) 022614812 | ||
| 090 |
_a13504681 _c13504681 |
||
| 100 | _a20250904d2025 k y0rusy50 ca | ||
| 101 | 0 |
_arus _deng |
|
| 102 | _aRU | ||
| 105 | _aa z 110yy | ||
| 181 | 0 |
_ai _baxxe |
|
| 182 | 0 | _an | |
| 200 | 1 |
_aEidos – Religio – Logos. Теология в творчестве молодых _eсборник студенческих работ по итогам работы секции "Государственно-конфессиональные отношения как сфера профессиональной деятельности теолога" в рамках III Всероссийского форума молодых теологов (Москва – Орел – Белгород, 24–25 октября 2024 г.) и НСО _fМинистерство науки и высшего образования Российской Федерации, Федеральное государственное бюджетное образовательное учреждение высшего образования "Орловский государственный университет имени И. С. Тургенева [и др.] _gредакционная коллегия: ... Г. М. Музалевская-Жаркова (ответственный редактор) [и др.] |
|
| 203 |
_aТекст _bвизуальный _cнепосредственный |
||
| 210 |
_aОрел _cОГУ им. И. С. Тургенева _d2025 |
||
| 215 |
_a177 с. _d20 |
||
| 300 | _aРез. англ. | ||
| 300 | _aНа 4-й с. обл.: Сб. посвящен 25-летию создания кафедры теологии, религиоведения и культурных аспектов национальной безопасности ОГУ имени И. С. Тургенева | ||
| 320 | _aБиблиогр. в конце ст. | ||
| 601 | 0 | 2 |
_aРусская православная церковь _jСъезды, совещания и т.п _xВзаимоотношения _xГосударство _92141055 _3RU\NLR\AUTH\661290461 |
| 606 | 1 |
_aПравославие и культура _jСъезды, совещания и т.п _92252559 _3RU\NLR\AUTH\661351044 |
|
| 686 | 2 | _aЭ372.24-3-021.5я431 | |
| 686 | 2 | _aЭ372.24-117.3я431 | |
| 702 | 1 |
_4340 _aМузалевская-Жаркова _bГ. М. _f1981- _gГалина Михайловна _9140983 _3RU\NLR\AUTH\770141019 |
|
| 711 | 1 | 2 |
_aВсероссийский форум молодых теологов _d3 _eМосква и др. _f2024 _92676109 _3RU\NLR\AUTH\880630708 |
| 712 | 0 | 2 |
_4475 _aОрловский государственный университет им. И. С. Тургенева _9377392 _3RU\NLR\AUTH\889941274 |
| 942 | _cBOOK | ||
| 980 | _aNB | ||